000 02380nam a22003137a 4500
005 20111212113139.0
010 _aB-482879-888
020 _a9781426204036
_c1635.00
035 _aB-482879-888
037 _adpl
_bBlue Berry/Ven
082 _a598
245 _aNational Geographic Complete birds of the world /
_cedited by Tim Harris
260 _aWashington
_bNational Geographic Society
_c2011
270 _a1145 17th street N.W.
_bWashington
_eD.C.20036-4688 U.S.A.
300 _a384p.
_bill
_c26cm(Hb)
700 _aHarris,Tim
_942218
942 _2ddc
_cCH
_mCOM
_h598
999 _c62934
_d62934